书目信息 |
| 题名: |
模糊控制技术与模糊家用电器
|
|
| 作者: | 余永权 编著 | |
| 分册: | ||
| 出版信息: | 北京 北京航空学院出版社 2000.12 |
|
| 页数: | 238页 | |
| 开本: | 26cm | |
| 丛书名: | ||
| 单 册: | ||
| 中图分类: | TM925 | |
| 科图分类: | ||
| 主题词: | 日用电气器具 | |
| 电子资源: | ||
| ISBN: | 7-81012-765-9 | |
| 000 | 00583nam0 2200193 45 | |
| 001 | 0457917492 | |
| 005 | 2004051216051333 | |
| 010 | @a7-81012-765-9@dCNY 24.00 | |
| 100 | @a20040512d2000 km y0chiy0120 ea | |
| 101 | 0 | @achi |
| 102 | @aCN@b110000 | |
| 200 | 1 | @a模糊控制技术与模糊家用电器@AMo Hu Kong Zhi Ji Shu Yu Mo Hu Jia Yong Dian Qi@f余永权编著@Fyu yong quan bian zhu |
| 210 | @a北京@c北京航空学院出版社@d2000.12 | |
| 215 | @a238页@d26cm | |
| 606 | 0 | @a日用电气器具 |
| 690 | 1 | @aTM925@v4 |
| 701 | 0 | @a余永权@Ayu yong quan@4编著 |
| 801 | 0 | @aCN@bPFT@c20040512 |
| 905 | @dTM925@eY775 | |
| 模糊控制技术与模糊家用电器/余永权编著.-北京:北京航空学院出版社,2000.12 |
| 238页;26cm |
| ISBN 7-81012-765-9:CNY 24.00 |
| ● |
| 相关链接 |
|
|
|
正题名:模糊控制技术与模糊家用电器
索取号:TM925/Y775
 
预约/预借
| 序号 | 登录号 | 条形码 | 馆藏地/架位号 | 状态 | 备注 |
| 1 | 383989 | 203839891 | 自科二线404/301自科库 14排4列3层/ [索取号:TM925/Y775] | 在馆 | |
| 2 | 383990 | 203839908 | 自科库301/301自科库 21排2列4层/ [索取号:TM925/Y775] | 在馆 | |
| 3 | 383991 | 203839917 | 自科库301/301自科库 21排2列4层/ [索取号:TM925/Y775] | 在馆 |